| 000 | 00646cam a22002053a 4500 | ||
|---|---|---|---|
| 001 | 39501 | ||
| 003 | PGUSA | ||
| 005 | 20140828083858.0 | ||
| 008 | 120421s2012||||xxu|||||s|||||000 | eng d | ||
| 040 |
_aPGUSA _beng |
||
| 042 | _adc | ||
| 100 | 1 | _aLambert, Nannie | |
| 245 | 1 | 0 |
_aLadies on Horseback : _bLearning, Park-Riding, and Hunting, with Hints upon Costume, and Numerous Anecdotes _h[electronic resource] / _cNannie Lambert |
| 260 |
_bProject Gutenberg, _c2012 |
||
| 506 | _aPublic domain in the USA. | ||
| 516 | _aElectronic text | ||
| 830 | 0 |
_aProject Gutenberg _v39501 |
|
| 856 | 4 | 0 | _uhttp://www.gutenberg.org/ebooks/39501 |
| 942 | _cEB | ||
| 999 |
_c268754 _d268754 |
||